Schweizer Schlösser - Statistiken

Allgemein
  • Dieses Quiz wurde 61 mal gespielt
  • Das Durchschnittsergebnis liegt bei 11 aus 28
Antwortstatistiken
Bildquiz Antwort % Korrekt
Chillon
84%
Thun
74%
Bellinzona
70%
Lenzburg
70%
Hallwyl
68%
Sargans
64%
Burgdorf
56%
Habsburg
56%
Stockalp
48%
Oberhofen
42%
Spiez
42%
Grandson
38%
Kyburg
38%
Yverdon
32%
Morges
28%
Wildegg
28%
Frauenfeld
26%
Romont
26%
Zug
26%
Werdenberg
22%
A Pro
20%
Heidegg
20%
Jegenstorf
20%
Gruyères
16%
Waldegg
16%
Hünegg
14%
Landshut
12%
Prangins
8%
Keine übereinstimmenden Quizze gefunden
Verteilung der Resultate
Anzahl Personen mit jedem Resultat
Perzentil nach korrekt beantworteten Fragen
Ihre Resultats-Entwicklung
Sie haben dieses Quiz noch nicht gespielt